| 000 | 00828nam a22001817a 4500 | ||
|---|---|---|---|
| 005 | 20150907114514.0 | ||
| 010 | _aENG-113517 | ||
| 020 |
_c975.00 _a9789351434290 |
||
| 035 | _aEN- 97049 | ||
| 037 | _bDBAD/PUB | ||
| 082 | _a000 | ||
| 245 |
_aCarvinowledge's CPT practice kit / _cforeworded by Jay Ajit Chhaira |
||
| 260 |
_aGurgaon _bLexisNexis _c2015 |
||
| 270 |
_a14th Fioor, Buiding No.10, Tower - B DLF Cyber City, Phase- II _bGurgaon _e122002 |
||
| 300 |
_avarious pagings _c27cm(pbk) |
||
| 505 | _aModule 1- Fundamentals of accounting Module 2- Mercantile laws Module 3- General economics Module 4- Quantitative aptitude Solved Analyzer-1- Fundamentals of accounting, mercantile laws Solved Analyzer-2- General economics, quantitative aptitude Model test papers | ||
| 942 |
_2ddc _cEN _mCAR _h000 |
||
| 999 |
_c95024 _d95024 |
||